01950nam a2200313 i 4500003000900000005001700009007000300026008004100029020001800070040003000088041000800118082003100126110008600157245019200243264007000435300006700505336002700572337003300599338002800632505048600660650006201146650005901208651007401267651006201341700004001403700004401443710008601487710006301573DO-SdBNP20260330104610.0ta220621e2018 dr ad||fr|||| 001 0 spa d a9789945015172 aDO-SdBNPbspacBNPHUerda aspa 4a304.87293bR426se 20172221 aRepública Dominicana. bMinisterio de Economía, Planificación y Desarrollo 10aSegunda encuesta Nacional de inmigrantes en la República Dominicana, ENI-2017:bversión resumida del informe general /cprólogo, Sonia Vásquez; presentación, Alexandra Izquierdo aSanto Domingo, República Dominicana :bMEPyD, ONE, UNFPA,c2018 a80 páginas :b ilustraciones cuadros, gráficas ; c27 cm. ardacontentbtexto2txt ardamediabsin mediación2n ardacarrierbvolumen2nc0 aPrólogo.tPresentación.t1. Objetivos y Metodología.--t2. Estimación de la población de origen extranjero inmigrantes y descendientes.--t3. Características sociodemográficas de la población inmigrantes de sus descendientes,--t4. Salud sexual y productiva.-- t5. El proceso inmigratorio.--t6. Inmigración y mercado de trabajo.--t7. Remesas e inmigración.--t8. Políticas Públicas de Regularización: PNRE y Ley 169-14tListado de gráficos y cuadros. 4aInmigranteszRepública DominicanavEstadísticasy2017 4aEncuestas demográficaszRepública Dominicanay2017 4aRepública DominicanaxEmigración e inmigraciónvEncuestasy2017 4aRepública DominicanaxPoblaciónvEstadísticasy20171 aVásquez, Sonia,eprologuista4pr.1 aIzquierdo, Alexandraepresentador 4pr.1 aRepública Dominicana. bMinisterio de Economía, Planificación y Desarrollo 1 aRepública Dominicana.bOficina Nacional de Estadística